|
|
|
|
| LEADER |
00000cam a2200000 7i4500 |
| 001 |
0000001688 |
| 005 |
20040225.0 |
| 020 |
0 |
0 |
|a 9839269135
|
| 090 |
0 |
0 |
|a JPSM634.97376309595122
|b MOH 2001
|
| 100 |
0 |
0 |
|a MOHD Lokman Husain
|
| 245 |
1 |
0 |
|a Mangroves of Terengganu
|c by Mohd Lokman Husain, Sulong Ibrahim
|
| 260 |
0 |
0 |
|a Terengganu; Kuala Lumpur :
|b Institute of Oceanography, Malaysian University College of Science and Technology; Forestry Department Peninsular Malaysia ,
|c 2001
|
| 300 |
|
|
|a xiv, 135 p. :
|b col. ill. ;
|c 23 cm.
|
| 500 |
0 |
0 |
|a Bibliography : p. 135
|
| 650 |
0 |
0 |
|a Mangrove conservation
|z Terengganu
|
| 650 |
0 |
0 |
|a Mangrove ecology
|z Terengganu
|
| 650 |
0 |
0 |
|a Mangrove plants
|z Terengganu
|
| 700 |
0 |
1 |
|a Sulong Ibrahim
|
| 998 |
|
|
|a JPSM
|
| 999 |
|
|
|a 0000002592
|b Monograph
|c Open Shelf
|e Default branch
|
| 999 |
|
|
|a 0000002593
|b Monograph
|c Open Shelf
|e Default branch
|
| 999 |
|
|
|a 0000002594
|b Monograph
|c Open Shelf
|e Default branch
|
| 999 |
|
|
|a 0000002595
|b Monograph
|c Open Shelf
|e Default branch
|
| 999 |
|
|
|a 0000002596
|b Monograph
|c Open Shelf
|e Default branch
|
| 999 |
|
|
|a 0000002598
|b Monograph
|c Open Shelf
|e Default branch
|
| 999 |
|
|
|a 0000002599
|b Monograph
|c Open Shelf
|e Default branch
|
| 999 |
|
|
|a 0000002600
|b Monograph
|c Open Shelf
|e Default branch
|
| 999 |
|
|
|a 0000002601
|b Monograph
|c Open Shelf
|e Default branch
|